000 01091cam a2200301 a 4500
001 15831744
003 OSt
005 20150408113957.0
008 111214r20091996enk b 001 0beng
010 _a 2009464475
020 _a9780199554768 (pbk.)
040 _aDLC
_cDLC
043 _ae-uk---
050 0 0 _aPR4168
_b.G3 2009
082 0 0 _a823.8 G E L
_222
100 1 _aGaskell, Elizabeth Cleghorn,
_d1810-1865.
_98163
245 1 4 _aThe life of Charlotte Brontë /
_cElizabeth Gaskell ; edited with an introduction by Angus Easson.
260 _aOxford ;
_aNew York :
_bOxford University Press,
_c[2009]
300 _axxxvi, 587 p. ;
_c20 cm.
490 0 _aOxford world's classics
504 _aIncludes bibliographical references and index.
600 1 0 _aBrontë, Charlotte,
_d1816-1855.
650 0 _aNovelists, English
_y19th century
_vBiography.
_98164
700 1 _aEasson, Angus.
_98165
906 _a7
_bcbc
_corignew
_d2
_encip
_f20
_gy-gencatlg
942 _2ddc
_cDVD
999 _c19672
_d254172